Sports Quiz

Random Sports or Baseball Quiz

MLB - Brothers to a HOFer (Clickable) Quiz Stats

 Plays Quiz not verified by Sporcle

Score 0/32 Timer 08:00
0 Plays Today
% Correct
Joe DiMaggio +
94.8%
Cal Ripken Jr.
93.1%
Roberto Alomar
88.6%
Phil Niekro
88.4%
Pedro Martinez
88.3%
Greg Maddux
84.9%
Paul Waner
72.6%
George Brett
69.6%
Joe Torre
68.7%
Hank Aaron
68.5%
Gaylord Perry
61.7%
Ed Delahanty +
55.4%
Tony Gwynn
51.9%
Joe Sewell +
48.1%
Dizzy Dean
45.5%
John Clarkson +
41.8%
% Correct
Robin Yount
23.9%
Barry Larkin
22.3%
Tom Glavine
22.2%
Eddie Murray
21.8%
Christy Mathewson
16.7%
Honus Wagner
14.7%
Jim O’Rourke
10.8%
Bill Dickey
9.6%
Zack Wheat
8%
Buck Ewing
7.9%
Johnny Evers
6.8%
George Kell
6.7%
Heinie Manush
5.6%
High Pockets Kelly
5.5%
Deacon White
5.4%
Fred Clarke
2.7%

You're not logged in!

Compare scores with friends on all Sporcle quizzes.
OR
Log In

You Might Also Like...

Show Comments

Extras

Top Quizzes Today


Score Distribution

Your Account Isn't Verified!

In order to create a playlist on Sporcle, you need to verify the email address you used during registration. Go to your Sporcle Settings to finish the process.

Report this User

Report this user for behavior that violates our Community Guidelines.

Details: